Conjugal Visits Quiz Stats

 Plays Quiz not verified by Sporcle

Also try: 'J' Logos
Challenge
Share
Tweet
Embed
Score 0/6 Timer 01:00
0 Plays Today
States % Correct
california
84.1%
new york
79.5%
washington
47.7%
connecticut
36.4%
new mexico
27.3%
mississippi
18.2%

You're not logged in!

Compare scores with friends on all Sporcle quizzes.
Join for Free
OR
Log In

You Might Also Like...

Show Comments

Extras

Top Quizzes Today


Score Distribution

Your Account Isn't Verified!

In order to create a playlist on Sporcle, you need to verify the email address you used during registration. Go to your Sporcle Settings to finish the process.

Report this User

Report this user for behavior that violates our Community Guidelines.

Details: